| 000 | 01818 a2200265 4500 | ||
|---|---|---|---|
| 005 | 2008091504304.0 | ||
| 008 | 080915t xxu||||| |||| 00| 0 hin d | ||
| 010 | _aHIN-80855 B-284896 | ||
| 020 |
_a8176751731 _c300.00 |
||
| 035 | _aHN-53201 B-284896 | ||
| 035 | _aB-238456 | ||
| 037 | _bD.B.Act / pub | ||
| 082 | _a332.10954 | ||
| 100 |
_aगौड़, श्यामलाल _944648 |
||
| 245 |
_aभारतीय बैंकिग बदलता परिदृश्य _cश्यामलाल गौड़ |
||
| 246 |
_aBhaartiya banking badalata pridrishya _bby Shyam Lal Gaur |
||
| 260 |
_aपंचकूला _bआधार प्रकाशन _c2006 |
||
| 270 |
_aएस.सी.एफ 267, सेक्टर-16 _bपंचकूला _e134113(हरियाणा) |
||
| 300 |
_a244पृ _c22 सेमी (सजिल्द) |
||
| 942 |
_adpl _cHN _k332.10954 / गौड़श्या _2ddc _h332.10954 _mगौड़श्या |
||
| 999 |
_c7184 _d7184 |
||